BBM社選手名鑑表紙の選手 - Statistics

General Stats
  • This quiz has been taken 19 times
  • The average score is 154 of 266
Answer Stats
年度 球団 選手名 % Correct
オリックス イチロー
93%
巨人 松井秀喜
93%
2001 巨人 松井秀喜
93%
巨人 松井秀喜
93%
楽天 田中将大
93%
楽天 田中将大
93%
2010 巨人 坂本勇人
93%
楽天 田中将大
93%
楽天 田中将大
93%
巨人 坂本勇人
93%
楽天 田中将大
93%
楽天 田中将大
93%
巨人 坂本勇人
93%
巨人 坂本勇人
93%
楽天 田中将大
93%
ダイエー 松中信彦
87%
巨人 高橋由伸
87%
ソフトバンク 松中信彦
87%
楽天 岩隈久志
87%
阪神 金本知憲
87%
阪神 金本知憲
87%
楽天 岩隈久志
87%
横浜 ラミレス
87%
2013 巨人 阿部慎之助
87%
巨人 阿部慎之助
87%
ヤクルト 山田哲人
87%
ヤクルト 山田哲人
87%
ヤクルト 山田哲人
87%
広島 丸佳浩
87%
ヤクルト 山田哲人
87%
ヤクルト 山田哲人
87%
2000 西武 松坂大輔
80%
巨人 上原浩治
80%
西武 松坂大輔
80%
近鉄 中村紀洋
80%
近鉄 ローズ
80%
西武 松坂大輔
80%
巨人 上原浩治
80%
阪神 井川慶
80%
西武 松坂大輔
80%
近鉄 中村紀洋
80%
西武 松坂大輔
80%
阪神 井川慶
80%
2005 西武 松坂大輔
80%
巨人 上原浩治
80%
ソフトバンク 杉内俊哉
80%
西武 松坂大輔
80%
ヤクルト 青木宣親
80%
2007 日本ハム ダルビッシュ有
80%
ヤクルト 青木宣親
80%
阪神 新井貴浩
80%
日本ハム ダルビッシュ有
80%
日本ハム ダルビッシュ有
80%
ヤクルト 青木宣親
80%
阪神 城島健司
80%
広島 前田健太
80%
横浜 内川聖一
80%
日本ハム ダルビッシュ有
80%
ソフトバンク 杉内俊哉
80%
ヤクルト 青木宣親
80%
広島 前田健太
80%
2012 ソフトバンク 内川聖一
80%
広島 前田健太
80%
ロッテ 涌井秀章
80%
広島 前田健太
80%
2015 ソフトバンク 松坂大輔
80%
ロッテ 涌井秀章
80%
広島 新井貴浩
80%
ヤクルト 青木宣親
80%
2003 巨人 清原和博
73%
中日 川上憲伸
73%
中日 福留孝介
73%
中日 岩瀬仁紀
73%
中日 浅尾拓也
73%
中日 吉見一起
73%
中日 和田一浩
73%
阪神 鳥谷敬
73%
横浜 村田修一
73%
西武 中村剛也
73%
中日 浅尾拓也
73%
阪神 鳥谷敬
73%
中日 吉見一起
73%
西武 中村剛也
73%
日本ハム 大谷翔平
73%
日本ハム 大谷翔平
73%
西武 中村剛也
73%
巨人 菅野智之
73%
阪神 鳥谷敬
73%
2016 ソフトバンク 柳田悠岐
73%
日本ハム 大谷翔平
73%
西武 中村剛也
73%
巨人 菅野智之
73%
2017 日本ハム 大谷翔平
73%
西武 中村剛也
73%
阪神 鳥谷敬
73%
巨人 菅野智之
73%
ソフトバンク 柳田悠岐
73%
巨人 菅野智之
73%
2021 ソフトバンク 柳田悠岐
73%
巨人 菅野智之
73%
ヤクルト 村上宗隆
73%
2022 ヤクルト 村上宗隆
73%
オリックス 山本由伸
73%
2023 オリックス 山本由伸
73%
ソフトバンク 柳田悠岐
73%
ヤクルト 村上宗隆
73%
ヤクルト 村上宗隆
73%
ヤクルト 村上宗隆
73%
西武 カブレラ
67%
巨人 小久保裕紀
67%
日本ハム 中田翔
67%
日本ハム 中田翔
67%
オリックス 糸井嘉男
67%
オリックス 糸井嘉男
67%
オリックス 金子千尋
67%
広島 菊池涼介
67%
オリックス 糸井嘉男
67%
楽天 則本昂大
67%
楽天 則本昂大
67%
オリックス 金子千尋
67%
阪神 糸井嘉男
67%
西武 秋山翔吾
67%
楽天 則本昂大
67%
オリックス 金子千尋
67%
2020 西武 森友哉
67%
西武 森友哉
67%
阪神 佐藤輝明
67%
日本ハム SHINJO
67%
日本ハム SHINJO
67%
2002 ヤクルト ペタジーニ
60%
2004 ダイエー 和田毅
60%
ダイエー 斉藤和巳
60%
阪神 今岡誠
60%
ヤクルト 古田敦也
60%
ソフトバンク 斉藤和巳
60%
阪神 藤川球児
60%
巨人 小笠原道大
60%
2008 巨人 小笠原道大
60%
ロッテ 井口資仁
60%
ソフトバンク 川崎宗則
60%
阪神 藤川球児
60%
2011 ソフトバンク 和田毅
60%
阪神 藤浪晋太郎
60%
阪神 藤浪晋太郎
60%
横浜 三浦大輔
60%
横浜 筒香嘉智
60%
阪神 藤浪晋太郎
60%
中日 大野雄大
60%
横浜 筒香嘉智
60%
ソフトバンク 和田毅
60%
横浜 筒香嘉智
60%
2019 西武 山川穂高
60%
楽天 浅村栄斗
60%
阪神 藤川球児
60%
ロッテ 佐々木朗希
60%
日本ハム 近藤健介
60%
阪神 近本光司
60%
中日 大野雄大
60%
阪神 近本光司
60%
巨人 岡本和真
60%
西武 山川穂高
60%
ロッテ 佐々木朗希
60%
巨人 岡本和真
60%
巨人 岡本和真
60%
ソフトバンク 近藤健介
60%
楽天 浅村栄斗
60%
2025 巨人 岡本和真
60%
阪神 近本光司
60%
ソフトバンク 近藤健介
60%
オリックス 吉田正尚
53%
オリックス 吉田正尚
53%
広島 鈴木誠也
53%
オリックス 吉田正尚
53%
広島 鈴木誠也
53%
2009 西武 中島裕之
47%
ロッテ サブロー
47%
西武 中島裕之
47%
ロッテ 今江敏晃
47%
巨人 長野久義
47%
西武 栗山巧
47%
ロッテ 角中勝也
47%
ロッテ 今江敏晃
47%
広島 黒田博樹
47%
ロッテ 角中勝也
47%
広島 長野久義
47%
中日 柳裕也
47%
日本ハム 上沢直之
47%
日本ハム 伊藤大海
47%
日本ハム 伊藤大海
47%
2006 ロッテ 渡辺俊介
40%
西武 菊池雄星
40%
日本ハム 斎藤佑樹
40%
日本ハム 斎藤佑樹
40%
ヤクルト 川端慎吾
40%
2018 ソフトバンク サファテ
40%
ソフトバンク 千賀滉大
40%
日本ハム 西川遥輝
40%
西武 源田壮亮
40%
横浜 佐野恵太
40%
横浜 佐野恵太
40%
2024 阪神 村上頌樹
40%
横浜 牧秀悟
40%
横浜 牧秀悟
40%
オリックス 宮城大弥
40%
2026 ソフトバンク モイネロ
40%
オリックス 宮城大弥
40%
オリックス T-岡田
40%
オリックス 坂口智隆
33%
オリックス 坂口智隆
33%
ソフトバンク 攝津正
33%
2014 楽天 松井裕樹
33%
ソフトバンク 攝津正
33%
中日 谷繁元信
33%
ヤクルト 小川泰弘
33%
中日 大島洋平
33%
日本ハム 清宮幸太郎
33%
横浜 山崎康晃
33%
横浜 山崎康晃
33%
楽天 松井裕樹
33%
横浜 山崎康晃
33%
中日 大島洋平
33%
楽天 松井裕樹
33%
広島 森下暢仁
33%
中日 大島洋平
33%
中日 高橋宏斗
33%
横浜 東克樹
33%
中日 山本昌広
27%
ロッテ 鈴木大地
27%
中日 小笠原慎之介
27%
西武 高橋光成
27%
日本ハム 万波中正
27%
西武 今井達也
27%
巨人 工藤公康
20%
広島 堂林翔太
20%
ロッテ 井上晴哉
20%
中日 根尾昂
20%
阪神 梅野隆太郎
20%
広島 栗林良吏
20%
ロッテ 荻野貴司
20%
楽天 島内宏明
20%
横浜 今永昇太
20%
阪神 青柳晃洋
20%
広島 栗林良吏
20%
楽天 辰己涼介
20%
中日 岡林勇希
20%
広島 小園海斗
20%
ヤクルト 由規
13%
巨人 大田泰示
13%
ロッテ 唐川侑己
13%
ヤクルト 由規
13%
横浜 荒波翔
13%
楽天 安樂智大
13%
中日 京田陽太
13%
ロッテ 唐川侑己
13%
西武 平良海馬
13%
日本ハム 吉田輝星
7%
日本ハム 松本剛
7%
広島 床田寛樹
7%
巨人 大勢
7%
ソフトバンク 栗原陵矢
0%
オリックス 山下舜平大
0%
ロッテ 小島直哉
0%
ロッテ 佐藤都志也
0%
楽天 宗山塁
0%
ロッテ 西川史礁
0%
ヤクルト 内山壮真
0%
No matching quizzes found
Score Distribution
Percent of People with Each Score
Percentile by Number Answered
Your Score History
You have not taken this quiz